Gençliğin O Yakıcı Mevsimi : Roman (Record no. 2861)

000 -LEADER
fixed length control field 00484nam a22001697a 4500
008 - FIXED-LENGTH DATA ELEMENTS--GENERAL INFORMATION
fixed length control field 181222b ||||| |||| 00| 1 eng d
020 ## - INTERNATIONAL STANDARD BOOK NUMBER
International Standard Book Number 975414833X
041 ## - LANGUAGE CODE
Language code of text/sound track or separate title Türkçe
050 ## - LIBRARY OF CONGRESS CALL NUMBER
Classification number PL248.A745
100 ## - MAIN ENTRY--PERSONAL NAME
9 (RLIN) 942
Personal name Atasü, Erendiz
245 ## - TITLE STATEMENT
Title Gençliğin O Yakıcı Mevsimi : Roman
Remainder of title Bütün Eserleri 8
250 ## - EDITION STATEMENT
Edition statement 1.Basım
260 ## - PUBLICATION, DISTRIBUTION, ETC.
Place of publication, distribution, etc. Ankara
Name of publisher, distributor, etc. Bilgi Yayınları
Date of publication, distribution, etc. Ekim 1999
500 ## - GENERAL NOTE
General note Bilgi Yayınları / Yeni Dizi : 52
650 #0 - SUBJECT ADDED ENTRY--TOPICAL TERM
9 (RLIN) 145
Topical term or geographic name entry element Türk Edebiyatı
942 ## - ADDED ENTRY ELEMENTS (KOHA)
Source of classification or shelving scheme
Koha item type Books
Holdings
Withdrawn status Lost status Source of classification or shelving scheme Damaged status Not for loan Permanent Location Current Location Shelving location Date acquired Full call number Barcode Date last seen Price effective from Koha item type
        Ödünç verilemez İmren Ahmet Tüzün Kütüphanesi İmren Ahmet Tüzün Kütüphanesi Ahmet Tüzün 2018-12-22 PL248.A745 100100002811 2018-12-22 2018-12-22 Books

This software was implemented, installed and managed by Devinim Software Training Consulting .